000 00264nam a22001217a 4500
008 170406b xxu||||| |||| 00| 0 eng d
041 _aeng
080 _a575
100 _a9
101 _aSHM
245 _aCASE STUDIES IN IMUNOLOGY
_cROSEN.F.S
942 _2udc
_cBK
999 _c9988
_d9988